Jungle Animals - Statistics

General Stats
  • This quiz has been taken 156 times
  • The average score is 28 of 49
Answer Stats
Picture Answer % Correct
Elephant
86%
Tiger
84%
Chimpanzee
81%
Gorilla
81%
Crocodile
78%
Hippo
78%
Sloth
78%
Hummingbird
77%
Toucan
75%
Chameleon
74%
Lemur
74%
Tarantula
74%
Capybara
71%
Jaguar
68%
King Cobra
68%
Iguana
67%
Panda
67%
Rhino
67%
Armadillo
65%
Baboon
65%
Flamingo
65%
Piranha
65%
Anteater
64%
Parrot
64%
Butterfly
63%
Caimen
62%
Peacock
62%
Orangutan
60%
Tapir
60%
Anaconda
59%
Komodo Dragon
58%
Red Panda
57%
Black Widow
55%
Gecko
54%
Macaw
52%
Axolotl
45%
Black Panther
45%
Okapi
45%
Poison-Dart Frog
42%
Gibbon
38%
Pangolin
38%
Ocelot
36%
Electric Eel
33%
Bonobo
32%
Harpy Eagle
24%
Howler Monkey
24%
Fossa
23%
Oscar
14%
Hoatzin
11%
No matching quizzes found
Score Distribution
Percent of People with Each Score
Percentile by Number Answered
Your Score History
You have not taken this quiz